| 000 | 00679nam a22002297a 4500 | ||
|---|---|---|---|
| 001 | 139 | ||
| 003 | BD-RjUL | ||
| 005 | 20211208233124.0 | ||
| 008 | 150131r20112005ii a||| ||| 001 0 b d | ||
| 020 | _a9788173714221 | ||
| 035 | _a(BD-RjUL)151 | ||
| 040 |
_aBD-RjUL _bben _cBD-RjUL _dBD-RjUL |
||
| 041 | _aben | ||
| 082 |
_219 _a530.15 _bJOM 2011 |
||
| 100 |
_aJoglekar, S D _9115583 |
||
| 245 |
_aMathematical physics the basics / _cS D Joglekar. |
||
| 260 |
_aHyderabad : _bUniversities Press (India) Private Limited, _c2005 [reprint 2011]. |
||
| 300 |
_aviii, 245 p.: _cill.; _b24 cm. |
||
| 500 | _aIncludes index. | ||
| 650 |
_aMathematical physics. _9115584 |
||
| 942 |
_2ddc _cBK |
||
| 999 |
_c139 _d139 |
||